[Event "Lidkoping Open 2019"]
[Site "Lidkoping"]
[Date "2019.08.25"]
[Round "6.13"]
[White "Blomstrom, Lars"]
[Black "Staunsbjerg, Valdemar A"]
[Result "1-0"]
[WhiteElo "2132"]
[BlackElo "1832"]
[Annotator "ChessBase"]
[PlyCount "132"]
[EventDate "2019.08.19"]
[EventType "swiss"]
[EventCountry "SWE"]
[SourceTitle "playchess.com"]
[Source "ChessBase"]
[SourceQuality "1"]
[TimeControl "2700+10"]

1. e4 {[%emt 0:00:21]} c5 {[%emt 0:00:00]} 2. Nc3 {[%emt 0:00:09]} Nc6 {[%emt 0:00:00]} 3. g3 {[%emt 0:00:02]} g6 {[%emt 0:00:14]} 4. Bg2 {[%emt 0:00:06]} Bg7 {[%emt 0:00:02]} 5. d3 {[%emt 0:00:10]} Nf6 {[%emt 0:02:05]} 6. h3 {[%emt 0:01:09]} d6 {[%emt 0:01:34]} 7. Be3 {[%emt 0:00:05]} Rb8 {[%emt 0:00:22]} 8. Qd2 {[%emt 0:00:10]} b5 {[%emt 0:01:53]} 9. f4 {[%emt 0:00:37]} b4 {[%emt 0:00:54]} 10. Nd1 {[%emt 0:00:07]} e5 {[%emt 0:06:44]} 11. Nf3 {[%emt 0:04:02]} Nh5 {[%emt 0:03:43]} 12. Qf2 {[%emt 0:06:10]} exf4 {[%emt 0:04:59]} 13. gxf4 {[%emt 0:00:11]} O-O {[%emt 0:02:18]} 14. O-O {[%emt 0:00:57]} Re8 {[%emt 0:04:04]} 15. Nd2 {[%emt 0:06:14]} Nd4 {[%emt 0:01:30]} 16. Nc4 {[%emt 0:01:54]} Be6 {[%emt 0:04:50]} 17. c3 {[%emt 0:00:29]} bxc3 {[%emt 0:01:54]} 18. Nxc3 {[%emt 0:01:57]} Nb5 {[%emt 0:00:38]} 19. Nxb5 {[%emt 0:01:19]} Rxb5 {[%emt 0:00:01]} 20. Rab1 {[%emt 0:00:12]} Qd7 {[%emt 0:01:11]} 21. Kh2 {[%emt 0:01:19]} Nf6 {[%emt 0:01:08]} 22. b3 {[%emt 0:00:27]} Rbb8 {[%emt 0:01:51]} 23. Rbd1 {[%emt 0:02:27]} Bxc4 {[%emt 0:01:34]} 24. bxc4 {[%emt 0:00:54]} Qc7 {[%emt 0:01:02]} 25. Rb1 {[%emt 0:01:01]} Nd7 {[%emt 0:00:25]} 26. Qc2 {[%emt 0:00:52]} Rxb1 {[%emt 0:00:19]} 27. Rxb1 {[%emt 0:00:03]} Rb8 {[%emt 0:00:04]} 28. Kg1 {[%emt 0:01:02]} Rxb1+ {[%emt 0:00:02]} 29. Qxb1 {[%emt 0:00:01]} Qa5 {[%emt 0:00:26]} 30. Kf2 {[%emt 0:00:39]} Nb6 {[%emt 0:00:17]} 31. Qb3 {[%emt 0:02:23]} Qc3 {[%emt 0:00:25]} 32. Bf3 {[%emt 0:02:00]} Bd4 {[%emt 0:00:26]} 33. Qxc3 {[%emt 0:00:12]} Bxc3 {[%emt 0:00:01]} 34. Bd1 {[%emt 0:00:01]} Kf8 {[%emt 0:00:09]} 35. e5 {[%emt 0:00:15]} Ke7 {[%emt 0:00:13]} 36. Kf3 {[%emt 0:00:21]} a5 {[%emt 0:00:51]} 37. exd6+ {[%emt 0:04:18]} Kxd6 {[%emt 0:00:04]} 38. f5 {[%emt 0:00:05]} Nd7 {[%emt 0:00:25]} 39. fxg6 {[%emt 0:00:48]} fxg6 {[%emt 0:00:06]} 40. Bf4+ {[%emt 0:01:27]} Be5 {[%emt 0:00:13]} 41. Bg5 {[%emt 0:00:19]} Bc3 {[%emt 0:00:13]} 42. Ba4 {[%emt 0:00:35]} Ne5+ {[%emt 0:00:10]} 43. Ke4 {[%emt 0:00:02]} Ke6 {[%emt 0:00:54]} 44. Be8 {[%emt 0:00:09]} Bd4 {[%emt 0:00:37]} 45. Bd2 {[%emt 0:00:19]} Ke7 {[%emt 0:00:40]} 46. Bb5 {[%emt 0:00:06]} h5 {[%emt 0:00:10]} 47. Bxa5 {[%emt 0:00:50]} g5 {[%emt 0:00:12]} 48. Be1 {[%emt 0:00:20]} g4 {[%emt 0:00:10]} 49. hxg4 {[%emt 0:00:08]} hxg4 {[%emt 0:00:21]} 50. a4 {[%emt 0:00:25]} Nf3 {[%emt 0:00:18]} 51. Bg3 {[%emt 0:00:15]} Ke6 {[%emt 0:00:26]} 52. a5 {[%emt 0:00:18]} Nd2+ {[%emt 0:00:06]} 53. Kf4 {[%emt 0:00:15]} Be5+ {[%emt 0:00:20]} 54. Kxg4 {[%emt 0:00:03]} Bxg3 {[%emt 0:00:01]} 55. Kxg3 {[%emt 0:03:10]} Kd6 56. Kf4 {[%emt 0:00:00]} Nb3 {[%emt 0:00:10]} 57. a6 {[%emt 0:00:00]} Kc7 {[%emt 0:00:03]} 58. Ke4 {[%emt 0:00:00]} Nc1 {[%emt 0:00:01]} 59. d4 {[%emt 0:00:00]} cxd4 {[%emt 0:00:02]} 60. Kxd4 {[%emt 0:00:00]} Ne2+ {[%emt 0:00:14]} 61. Kd3 {[%emt 0:00:00]} Nf4+ {[%emt 0:00:01]} 62. Kc3 {[%emt 0:00:00]} Ne6 {[%emt 0:00:05]} 63. Kb3 {[%emt 0:00:00]} Kb6 {[%emt 0:00:01]} 64. Kb4 {[%emt 0:00:00]} Nc5 {[%emt 0:00:01]} 65. a7 {[%emt 0:00:00]} Nd3+ {[%emt 0:00:04]} 66. Kb3 {[%emt 0:01:50]} Nc5+ {[%emt 0:01:43]} 1-0

[Event "Lidkoping Open 2019"]
[Site "Lidkoping"]
[Date "2019.08.25"]
[Round "6.14"]
[White "Muntean, Victor"]
[Black "Kleimark, Anders"]
[Result "0-1"]
[WhiteElo "2002"]
[BlackElo "2016"]
[Annotator "NA"]
[PlyCount "84"]
[EventDate "2019.08.19"]
[EventType "swiss"]
[EventCountry "SWE"]
[SourceTitle "playchess.com"]
[Source "ChessBase"]
[SourceQuality "1"]
[TimeControl "2700+10"]

1. e4 {[%emt 0:00:00]} e5 {[%emt 0:00:01]} 2. Nf3 {[%emt 0:00:00]} Nc6 {[%emt 0:00:10]} 3. Bc4 {[%emt 0:00:07]} Nf6 {[%emt 0:00:06]} 4. d3 {[%emt 0:00:26]} Be7 {[%emt 0:00:07]} 5. O-O {[%emt 0:00:06]} O-O {[%emt 0:00:06]} 6. Re1 {[%emt 0:00:04]} d6 {[%emt 0:00:15]} 7. c3 {[%emt 0:01:16]} Na5 {[%emt 0:02:29]} 8. Bb5 {[%emt 0:00:09]} a6 {[%emt 0:00:45]} 9. Ba4 {[%emt 0:00:06]} c5 {[%emt 0:00:14]} 10. h3 {[%emt 0:00:36]} b5 {[%emt 0:03:00]} 11. Bc2 {[%emt 0:00:06]} Bb7 {[%emt 0:01:26]} 12. Nbd2 {[%emt 0:00:44]} Qc7 {[%emt 0:02:29]} 13. Nf1 {[%emt 0:00:33]} c4 {[%emt 0:01:34]} 14. d4 {[%emt 0:01:14]} Nc6 {[%emt 0:03:15]} 15. Ng3 {[%emt 0:01:27]} g6 {[%emt 0:00:43]} 16. d5 {[%emt 0:01:48]} Nb8 {[%emt 0:00:45]} 17. Nh4 {[%emt 0:05:14]} Nxd5 {[%emt 0:02:02]} 18. Nhf5 {[%emt 0:09:27]} Nf4 {[%emt 0:04:11]} 19. Qg4 {[%emt 0:06:30]} h5 {[%emt 0:02:55]} 20. Qf3 {[%emt 0:03:03]} h4 {[%emt 0:03:02]} 21. Nxe7+ {[%emt 0:02:08]} Qxe7 {[%emt 0:00:03]} 22. Bxf4 {[%emt 0:00:02]} exf4 {[%emt 0:00:17]} 23. Ne2 {[%emt 0:00:07]} g5 {[%emt 0:01:48]} 24. Nd4 {[%emt 0:00:10]} Qf6 {[%emt 0:00:49]} 25. Qh5 {[%emt 0:02:55]} Qg6 {[%emt 0:06:28]} 26. Qxg6+ {[%emt 0:00:13]} fxg6 {[%emt 0:00:01]} 27. e5 {[%emt 0:00:02]} dxe5 {[%emt 0:01:20]} 28. Rxe5 {[%emt 0:00:01]} Rf6 {[%emt 0:02:58]} 29. Rxg5 {[%emt 0:01:02]} Kg7 {[%emt 0:00:12]} 30. Re1 {[%emt 0:00:17]} Kh6 {[%emt 0:00:48]} 31. Rg4 {[%emt 0:02:01]} g5 {[%emt 0:01:04]} 32. Re5 {[%emt 0:00:05]} Bc8 {[%emt 0:01:19]} 33. Re7 {[%emt 0:02:00]} Rg6 {[%emt 0:01:18]} 34. Bxg6 {[%emt 0:00:24]} Kxg6 {[%emt 0:00:05]} 35. Re8 {[%emt 0:00:25]} Bxg4 {[%emt 0:00:21]} 36. hxg4 {[%emt 0:00:02]} Kf7 {[%emt 0:00:18]} 37. Rc8 {[%emt 0:00:08]} Ke7 {[%emt 0:00:23]} 38. Rxb8 {[%emt 0:00:30]} Rxb8 {[%emt 0:00:19]} 39. Nc6+ {[%emt 0:00:02]} Kd6 {[%emt 0:00:15]} 40. Nxb8 {[%emt 0:00:02]} a5 {[%emt 0:00:03]} 41. b4 {[%emt 0:01:42]} axb4 {[%emt 0:00:14]} 42. Na6 {[%emt 0:01:16]} b3 {[%emt 0:00:28]} 0-1

[Event "Lidkoping Open 2019"]
[Site "Lidkoping"]
[Date "2019.08.25"]
[Round "6.15"]
[White "Bengtsson, Siv"]
[Black "Olofsson, Hans-Erik"]
[Result "1/2-1/2"]
[WhiteElo "2074"]
[BlackElo "1898"]
[Annotator "NA"]
[PlyCount "106"]
[EventDate "2019.08.19"]
[EventType "swiss"]
[EventCountry "SWE"]
[SourceTitle "playchess.com"]
[Source "ChessBase"]
[SourceQuality "1"]
[TimeControl "2700+10"]

1. e4 {[%emt 0:00:00]} d6 {[%emt 0:00:00]} 2. d4 {[%emt 0:00:03]} Nf6 {[%emt 0:00:00]} 3. Nc3 {[%emt 0:00:06]} c6 {[%emt 0:00:04]} 4. Bg5 {[%emt 0:01:54]} Nbd7 {[%emt 0:01:27]} 5. Nge2 {[%emt 0:03:52]} e5 {[%emt 0:01:09]} 6. Qd2 {[%emt 0:02:03]} b5 {[%emt 0:01:39]} 7. Ng3 {[%emt 0:02:23]} exd4 {[%emt 0:06:42]} 8. Qxd4 {[%emt 0:00:11]} Qb6 {[%emt 0:00:13]} 9. Qxb6 {[%emt 0:03:44]} axb6 {[%emt 0:00:24]} 10. f3 {[%emt 0:04:08]} h6 {[%emt 0:00:42]} 11. Be3 {[%emt 0:00:09]} Nc5 {[%emt 0:04:42]} 12. Nce2 {[%emt 0:02:49]} Bd7 {[%emt 0:04:59]} 13. Nd4 {[%emt 0:00:56]} g6 {[%emt 0:00:44]} 14. Kf2 {[%emt 0:01:25]} Kd8 {[%emt 0:03:41]} 15. Be2 {[%emt 0:01:27]} Kc7 {[%emt 0:00:31]} 16. Rhd1 {[%emt 0:02:35]} Be7 {[%emt 0:01:10]} 17. a3 {[%emt 0:00:59]} h5 {[%emt 0:03:08]} 18. c4 {[%emt 0:03:34]} h4 {[%emt 0:02:18]} 19. Nf1 {[%emt 0:00:17]} bxc4 {[%emt 0:00:14]} 20. Bxc4 {[%emt 0:00:06]} Rh7 {[%emt 0:00:21]} 21. Rac1 {[%emt 0:00:39]} Kb7 {[%emt 0:01:29]} 22. Rc2 {[%emt 0:02:09]} b5 {[%emt 0:03:21]} 23. Be2 {[%emt 0:00:12]} Ne6 {[%emt 0:02:24]} 24. Rcd2 {[%emt 0:01:20]} Ne8 {[%emt 0:02:44]} 25. h3 {[%emt 0:03:59]} N8c7 {[%emt 0:00:05]} 26. f4 {[%emt 0:00:26]} Nc5 {[%emt 0:01:51]} 27. Bf3 {[%emt 0:00:17]} N7e6 {[%emt 0:01:29]} 28. b4 {[%emt 0:03:41]} Nxd4 {[%emt 0:00:16]} 29. bxc5 {[%emt 0:00:48]} dxc5 {[%emt 0:00:49]} 30. Bxd4 {[%emt 0:00:04]} cxd4 {[%emt 0:00:01]} 31. Rd3 {[%emt 0:00:18]} Bc5 {[%emt 0:00:31]} 32. Rc1 {[%emt 0:01:25]} Bb6 {[%emt 0:00:14]} 33. Nd2 {[%emt 0:00:12]} Ra4 {[%emt 0:00:26]} 34. Ke2 {[%emt 0:00:14]} f5 {[%emt 0:00:24]} 35. e5 {[%emt 0:00:18]} Kc7 {[%emt 0:00:21]} 36. Rb3 {[%emt 0:01:15]} c5 {[%emt 0:00:09]} 37. Bd5 {[%emt 0:00:16]} c4 {[%emt 0:00:08]} 38. e6 {[%emt 0:00:11]} Re7 {[%emt 0:00:05]} 39. Kf1 {[%emt 0:00:27]} Bc6 {[%emt 0:00:14]} 40. Bxc6 {[%emt 0:00:08]} Kxc6 {[%emt 0:00:01]} 41. Nf3 {[%emt 0:00:01]} Rxe6 {[%emt 0:00:02]} 42. Ne5+ {[%emt 0:00:01]} Kb7 {[%emt 0:00:06]} 43. Rxb5 {[%emt 0:00:02]} Rxa3 {[%emt 0:00:05]} 44. Rxc4 {[%emt 0:00:20]} d3 {[%emt 0:00:10]} 45. Ke1 {[%emt 0:00:20]} Rd6 {[%emt 0:00:04]} 46. Rcb4 {[%emt 0:00:18]} Ra1+ {[%emt 0:00:02]} 47. Rb1 {[%emt 0:00:00]} d2+ {[%emt 0:00:02]} 48. Kd1 {[%emt 0:00:02]} Rxb1+ {[%emt 0:00:04]} 49. Rxb1 {[%emt 0:00:02]} Kc7 {[%emt 0:00:04]} 50. Nc4 {[%emt 0:00:08]} Rc6 {[%emt 0:00:22]} 51. Nxb6 {[%emt 0:00:04]} Rxb6 {[%emt 0:00:01]} 52. Rxb6 {[%emt 0:00:03]} Kxb6 {[%emt 0:00:01]} 53. Kxd2 {[%emt 0:00:01]} Kc5 {[%emt 0:00:01]} 1/2-1/2

[Event "Lidkoping Open 2019"]
[Site "Lidkoping"]
[Date "2019.08.25"]
[Round "6.16"]
[White "Karlsson, Roger"]
[Black "Olsson, Bo"]
[Result "0-1"]
[WhiteElo "1892"]
[BlackElo "1984"]
[Annotator "NA"]
[PlyCount "66"]
[EventDate "2019.08.19"]
[EventType "swiss"]
[EventCountry "SWE"]
[SourceTitle "playchess.com"]
[Source "ChessBase"]
[SourceQuality "1"]
[TimeControl "2700+10"]

1. e4 {[%emt 0:01:05]} Nf6 {[%emt 0:00:00]} 2. Nc3 {[%emt 0:00:32]} e5 {[%emt 0:00:11]} 3. Nf3 {[%emt 0:00:21]} Nc6 {[%emt 0:00:07]} 4. Bc4 {[%emt 0:00:39]} Nxe4 {[%emt 0:00:38]} 5. Bxf7+ {[%emt 0:02:12]} Kxf7 {[%emt 0:00:24]} 6. Nxe4 {[%emt 0:00:03]} d5 {[%emt 0:00:14]} 7. Neg5+ {[%emt 0:04:39]} Kg8 {[%emt 0:00:20]} 8. d4 {[%emt 0:05:48]} h6 {[%emt 0:01:29]} 9. Nh3 {[%emt 0:05:01]} Bg4 {[%emt 0:00:59]} 10. dxe5 {[%emt 0:01:14]} Nxe5 {[%emt 0:00:59]} 11. Nhg1 {[%emt 0:00:23]} c6 {[%emt 0:06:31]} 12. h3 {[%emt 0:05:25]} Bxf3 {[%emt 0:07:18]} 13. Nxf3 {[%emt 0:00:15]} Qf6 {[%emt 0:02:25]} 14. O-O {[%emt 0:07:55]} Nxf3+ {[%emt 0:00:27]} 15. Qxf3 {[%emt 0:00:31]} Qxf3 {[%emt 0:00:05]} 16. gxf3 {[%emt 0:00:03]} Bd6 {[%emt 0:00:48]} 17. Re1 {[%emt 0:03:23]} Kf7 {[%emt 0:01:16]} 18. Kg2 {[%emt 0:02:01]} Rhe8 {[%emt 0:00:45]} 19. Bd2 {[%emt 0:00:23]} h5 {[%emt 0:08:32]} 20. h4 {[%emt 0:02:44]} Rxe1 {[%emt 0:01:21]} 21. Rxe1 {[%emt 0:00:02]} Re8 {[%emt 0:00:04]} 22. Rxe8 {[%emt 0:01:14]} Kxe8 {[%emt 0:00:01]} 23. f4 {[%emt 0:00:01]} Kf7 {[%emt 0:01:57]} 24. Kf3 {[%emt 0:01:58]} Ke6 {[%emt 0:00:19]} 25. c3 {[%emt 0:00:33]} Kf5 {[%emt 0:00:08]} 26. Be3 {[%emt 0:00:16]} a6 {[%emt 0:00:22]} 27. b4 {[%emt 0:00:21]} Be7 {[%emt 0:00:15]} 28. Kg3 {[%emt 0:00:22]} Bf6 {[%emt 0:00:11]} 29. Bd2 {[%emt 0:00:12]} Ke4 {[%emt 0:00:22]} 30. Be1 {[%emt 0:00:09]} Kd3 {[%emt 0:00:32]} 31. f3 {[%emt 0:00:12]} Bxc3 {[%emt 0:01:51]} 32. Bf2 {[%emt 0:00:02]} Bxb4 {[%emt 0:01:23]} 33. f5 {[%emt 0:00:02]} Bd6+ {[%emt 0:08:16]} 0-1

[Event "Lidkoping Open 2019"]
[Site "Lidkoping"]
[Date "2019.08.25"]
[Round "6.17"]
[White "Andersson, Kjell-Ake"]
[Black "Svedberg, Hans"]
[Result "1-0"]
[WhiteElo "1922"]
[BlackElo "2008"]
[Annotator "NA"]
[PlyCount "107"]
[EventDate "2019.08.19"]
[EventType "swiss"]
[EventCountry "SWE"]
[SourceTitle "playchess.com"]
[Source "ChessBase"]
[SourceQuality "1"]
[TimeControl "2700+10"]

1. Nf3 {[%emt 0:00:00]} c5 {[%emt 0:00:31]} 2. c4 {[%emt 0:00:02]} Nc6 {[%emt 0:00:21]} 3. Nc3 {[%emt 0:00:03]} e5 {[%emt 0:01:08]} 4. d3 {[%emt 0:00:33]} g6 {[%emt 0:00:14]} 5. g3 {[%emt 0:00:17]} Bg7 {[%emt 0:00:12]} 6. Rb1 {[%emt 0:00:22]} Nge7 {[%emt 0:00:21]} 7. Ne4 {[%emt 0:00:04]} d6 {[%emt 0:01:39]} 8. Bg5 {[%emt 0:00:39]} f5 {[%emt 0:06:30]} 9. Nf6+ {[%emt 0:04:05]} Kf7 {[%emt 0:00:46]} 10. Nd5 {[%emt 0:00:14]} h6 {[%emt 0:00:13]} 11. Bd2 {[%emt 0:04:19]} Be6 {[%emt 0:04:22]} 12. e4 {[%emt 0:04:35]} Qd7 {[%emt 0:05:13]} 13. Bg2 {[%emt 0:01:53]} Rac8 {[%emt 0:07:34]} 14. O-O {[%emt 0:02:43]} Kg8 {[%emt 0:02:24]} 15. Ne1 {[%emt 0:03:23]} Kh7 {[%emt 0:05:08]} 16. b4 {[%emt 0:04:25]} b6 {[%emt 0:00:10]} 17. b5 {[%emt 0:01:15]} Nd4 {[%emt 0:01:53]} 18. a4 {[%emt 0:00:44]} Rhf8 {[%emt 0:00:16]} 19. a5 {[%emt 0:01:30]} Rb8 {[%emt 0:02:12]} 20. axb6 {[%emt 0:00:27]} axb6 {[%emt 0:00:02]} 21. Ra1 {[%emt 0:00:47]} Bxd5 {[%emt 0:00:35]} 22. exd5 {[%emt 0:00:19]} Ra8 {[%emt 0:02:32]} 23. Bc3 {[%emt 0:01:10]} e4 {[%emt 0:00:30]} 24. Rxa8 {[%emt 0:01:53]} Rxa8 {[%emt 0:00:06]} 25. dxe4 {[%emt 0:00:24]} Ra2 {[%emt 0:00:48]} 26. Bd2 {[%emt 0:00:48]} Qa7 {[%emt 0:00:29]} 27. Nd3 {[%emt 0:00:58]} Qa3 {[%emt 0:00:02]} 28. Bf4 {[%emt 0:01:35]} Ne2+ {[%emt 0:00:41]} 29. Kh1 {[%emt 0:00:07]} Nxf4 {[%emt 0:00:09]} 30. Nxf4 {[%emt 0:00:11]} Ra1 {[%emt 0:01:00]} 31. Qe2 {[%emt 0:01:45]} Ra2 {[%emt 0:00:03]} 32. Qd3 {[%emt 0:01:30]} Qb2 {[%emt 0:00:44]} 33. exf5 {[%emt 0:00:22]} Nxf5 {[%emt 0:00:01]} 34. Bh3 {[%emt 0:00:22]} Ra1 {[%emt 0:00:14]} 35. Rxa1 {[%emt 0:00:53]} Qxa1+ {[%emt 0:00:01]} 36. Kg2 {[%emt 0:00:08]} Qe5 {[%emt 0:00:04]} 37. Bxf5 {[%emt 0:00:25]} gxf5 {[%emt 0:00:04]} 38. Ne6 {[%emt 0:00:30]} Bf6 {[%emt 0:00:11]} 39. g4 {[%emt 0:00:37]} Qe4+ {[%emt 0:00:23]} 40. Qxe4 {[%emt 0:00:16]} fxe4 {[%emt 0:00:02]} 41. Kg3 {[%emt 0:00:25]} Be5+ {[%emt 0:00:02]} 42. Kg2 {[%emt 0:00:17]} Kg6 {[%emt 0:00:10]} 43. Nf8+ {[%emt 0:00:35]} Kg5 {[%emt 0:00:25]} 44. Nd7 {[%emt 0:00:02]} Kf4 {[%emt 0:01:29]} 45. Nxb6 {[%emt 0:00:29]} Bc3 {[%emt 0:00:18]} 46. h3 {[%emt 0:00:42]} Ke5 {[%emt 0:00:02]} 47. Nd7+ {[%emt 0:00:14]} Kd4 {[%emt 0:00:02]} 48. b6 {[%emt 0:00:28]} Ba5 {[%emt 0:00:02]} 49. b7 {[%emt 0:00:04]} Bc7 {[%emt 0:00:01]} 50. Nb6 {[%emt 0:01:08]} Kd3 {[%emt 0:00:19]} 51. h4 {[%emt 0:00:01]} Kc3 {[%emt 0:00:22]} 52. g5 {[%emt 0:00:02]} hxg5 {[%emt 0:00:06]} 53. hxg5 {[%emt 0:00:01]} Kb4 {[%emt 0:00:04]} 54. g6 {[%emt 0:00:02]} 1-0

[Event "Lidkoping Open 2019"]
[Site "Lidkoping"]
[Date "2019.08.25"]
[Round "6.18"]
[White "Nordlund, Keith"]
[Black "Frisk, Anders"]
[Result "1/2-1/2"]
[WhiteElo "2013"]
[BlackElo "1776"]
[Annotator "NA"]
[PlyCount "88"]
[EventDate "2019.08.19"]
[EventType "swiss"]
[EventCountry "SWE"]
[SourceTitle "playchess.com"]
[Source "ChessBase"]
[SourceQuality "1"]
[TimeControl "2700+10"]

1. e4 {[%emt 0:00:00]} Nf6 {[%emt 0:00:00]} 2. e5 {[%emt 0:00:11]} Nd5 {[%emt 0:00:05]} 3. d4 {[%emt 0:00:15]} d6 {[%emt 0:00:08]} 4. exd6 {[%emt 0:00:22]} exd6 {[%emt 0:00:05]} 5. Nf3 {[%emt 0:01:56]} Be7 {[%emt 0:00:38]} 6. c4 {[%emt 0:00:52]} Nb6 {[%emt 0:00:25]} 7. h3 {[%emt 0:01:14]} Bf5 {[%emt 0:02:46]} 8. Bd3 {[%emt 0:00:40]} Bxd3 {[%emt 0:03:21]} 9. Qxd3 {[%emt 0:00:03]} O-O {[%emt 0:01:12]} 10. O-O {[%emt 0:00:10]} Bf6 {[%emt 0:00:59]} 11. Nc3 {[%emt 0:00:26]} Nc6 {[%emt 0:01:14]} 12. Ne4 {[%emt 0:03:59]} h6 {[%emt 0:02:18]} 13. Nxf6+ {[%emt 0:02:00]} Qxf6 {[%emt 0:00:14]} 14. Be3 {[%emt 0:01:20]} Rfe8 {[%emt 0:03:10]} 15. a3 {[%emt 0:00:17]} a5 {[%emt 0:03:03]} 16. b3 {[%emt 0:00:08]} d5 {[%emt 0:03:44]} 17. Rab1 {[%emt 0:02:11]} Qe7 {[%emt 0:04:25]} 18. c5 {[%emt 0:00:48]} Nd7 {[%emt 0:01:42]} 19. Rfc1 {[%emt 0:01:47]} Qe4 {[%emt 0:04:36]} 20. Qxe4 {[%emt 0:02:36]} Rxe4 {[%emt 0:00:14]} 21. b4 {[%emt 0:01:27]} axb4 {[%emt 0:01:43]} 22. axb4 {[%emt 0:00:02]} Nf6 {[%emt 0:03:22]} 23. b5 {[%emt 0:00:55]} Na5 {[%emt 0:01:17]} 24. Ne5 {[%emt 0:01:59]} Nc4 {[%emt 0:03:09]} 25. Nxc4 {[%emt 0:01:09]} dxc4 {[%emt 0:00:02]} 26. Rxc4 {[%emt 0:00:38]} Nd5 {[%emt 0:00:37]} 27. Rb3 {[%emt 0:01:04]} Rae8 {[%emt 0:01:29]} 28. Ra4 {[%emt 0:01:21]} b6 {[%emt 0:01:01]} 29. Ra7 {[%emt 0:00:54]} f5 {[%emt 0:00:48]} 30. cxb6 {[%emt 0:01:19]} cxb6 {[%emt 0:00:10]} 31. Rd7 {[%emt 0:00:20]} Nxe3 {[%emt 0:00:56]} 32. fxe3 {[%emt 0:00:11]} Rxe3 {[%emt 0:00:29]} 33. Rxe3 {[%emt 0:00:12]} Rxe3 {[%emt 0:00:01]} 34. Rd6 {[%emt 0:00:03]} Rd3 {[%emt 0:00:22]} 35. Kf2 {[%emt 0:00:20]} Rd2+ {[%emt 0:00:23]} 36. Kf3 {[%emt 0:00:11]} Kf7 {[%emt 0:00:52]} 37. Rxb6 {[%emt 0:00:55]} Rxd4 {[%emt 0:00:00]} 38. Rb7+ {[%emt 0:00:04]} Kg6 {[%emt 0:00:00]} 39. b6 {[%emt 0:00:05]} Rb4 {[%emt 0:00:00]} 40. Ke3 {[%emt 0:00:42]} Rb2 {[%emt 0:00:00]} 41. Kf3 {[%emt 0:01:51]} Kf6 {[%emt 0:00:13]} 42. Rb8 {[%emt 0:01:21]} Rb3+ {[%emt 0:00:11]} 43. Kf2 {[%emt 0:00:25]} Rb2+ {[%emt 0:00:02]} 44. Kf3 {[%emt 0:00:25]} Rb3+ {[%emt 0:00:54] Ke4 Ke5+} 1/2-1/2

[Event "Lidkoping Open 2019"]
[Site "Lidkoping"]
[Date "2019.08.25"]
[Round "6.19"]
[White "Wiklund, Robert"]
[Black "Arvidsson, Jonas"]
[Result "1-0"]
[WhiteElo "1785"]
[BlackElo "1993"]
[Annotator "NA"]
[PlyCount "93"]
[EventDate "2019.08.19"]
[EventType "swiss"]
[EventCountry "SWE"]
[SourceTitle "playchess.com"]
[Source "ChessBase"]
[SourceQuality "1"]
[TimeControl "2700+10"]

1. e4 {[%emt 0:00:44]} e5 {[%emt 0:00:00]} 2. Nf3 {[%emt 0:00:05]} Nc6 {[%emt 0:00:08]} 3. Bb5 {[%emt 0:00:11]} a6 {[%emt 0:00:08]} 4. Ba4 {[%emt 0:00:02]} Nf6 {[%emt 0:00:05]} 5. d4 {[%emt 0:00:07]} b5 {[%emt 0:01:28]} 6. Bb3 {[%emt 0:00:02]} Nxd4 {[%emt 0:00:44]} 7. Nxd4 {[%emt 0:00:14]} exd4 {[%emt 0:00:03]} 8. e5 {[%emt 0:00:01]} Ng8 {[%emt 0:01:50]} 9. Qf3 {[%emt 0:01:31]} Qe7 {[%emt 0:04:11]} 10. Qxa8 {[%emt 0:00:21]} Qxe5+ {[%emt 0:00:03]} 11. Kd1 {[%emt 0:00:14]} Kd8 {[%emt 0:00:01]} 12. Re1 {[%emt 0:01:26]} Qxh2 {[%emt 0:00:11]} 13. Bxf7 {[%emt 0:01:16]} Nf6 {[%emt 0:00:26]} 14. Bg5 {[%emt 0:00:30]} Be7 {[%emt 0:00:15]} 15. Bxf6 {[%emt 0:03:34]} Bxf6 {[%emt 0:00:41]} 16. Qe4 {[%emt 0:01:42]} c6 {[%emt 0:00:25]} 17. Nd2 {[%emt 0:07:23]} d5 {[%emt 0:02:31]} 18. Qf3 {[%emt 0:03:47]} h5 {[%emt 0:03:15]} 19. Qg3 {[%emt 0:00:55]} Bg4+ {[%emt 0:00:03]} 20. Nf3 {[%emt 0:00:08]} Qxg3 {[%emt 0:00:15]} 21. fxg3 {[%emt 0:00:04]} d3 {[%emt 0:00:09]} 22. cxd3 {[%emt 0:00:23]} Bxb2 {[%emt 0:00:09]} 23. Rb1 {[%emt 0:00:04]} Bc3 {[%emt 0:00:12]} 24. Re3 {[%emt 0:00:22]} Rf8 {[%emt 0:00:22]} 25. Be6 {[%emt 0:03:00]} Re8 {[%emt 0:00:14]} 26. Kc2 {[%emt 0:05:47]} d4 {[%emt 0:00:26]} 27. Ng5 {[%emt 0:00:29]} dxe3 {[%emt 0:00:21]} 28. Bxg4 {[%emt 0:00:10]} b4 {[%emt 0:01:32]} 29. Bxh5 {[%emt 0:00:29]} g6 {[%emt 0:05:25]} 30. Be2 {[%emt 0:00:46]} Ke7 {[%emt 0:00:06]} 31. Ne4 {[%emt 0:00:43]} Rf8 {[%emt 0:00:55]} 32. Nxc3 {[%emt 0:00:23]} bxc3 {[%emt 0:00:02]} 33. Kxc3 {[%emt 0:00:02]} Rf2 {[%emt 0:00:01]} 34. Bf3 {[%emt 0:00:11]} Rxa2 {[%emt 0:00:20]} 35. Kd4 {[%emt 0:00:36]} e2 {[%emt 0:00:50]} 36. Re1 {[%emt 0:00:10]} Kd6 {[%emt 0:00:02]} 37. Rxe2 {[%emt 0:00:09]} Ra4+ {[%emt 0:00:02]} 38. Kc3 {[%emt 0:00:20]} c5 {[%emt 0:00:08]} 39. Rb2 {[%emt 0:00:28]} Ra3+ {[%emt 0:00:45]} 40. Kc4 {[%emt 0:00:04]} Ra4+ {[%emt 0:00:05]} 41. Kb3 {[%emt 0:00:04]} Rb4+ {[%emt 0:00:09]} 42. Kc3 {[%emt 0:00:02]} a5 {[%emt 0:00:40]} 43. Rxb4 {[%emt 0:00:09]} axb4+ {[%emt 0:00:01]} 44. Kc4 {[%emt 0:00:01]} g5 {[%emt 0:00:23]} 45. d4 {[%emt 0:00:36]} cxd4 {[%emt 0:00:11]} 46. Kxd4 {[%emt 0:00:02]} b3 {[%emt 0:00:01]} 47. Kc3 {[%emt 0:00:01]} 1-0